Pays les plus endettés - Statistiques

Statistiques générales
  • Ce quiz a été pris 121 fois
  • Le résultat moyen est 4 sur 15
Statistiques - réponses
Part du Produit intérieur brut (PIB) Pays % Correct
122,15% États-Unis
88%
168,83% Grèce
73%
252,36% Japon
59%
137,28% Italie
58%
154,54% Argentine
56%
148,23% Venezuela
37%
122,81% Laos
11%
316,48% Soudan
10%
162,14% Singapour
8%
124,6% Bahreïn
5%
114,36% Bhoutan
5%
115,23% Zambie
5%
118,67% Maldives
4%
114,84% Barbade
3%
115,38% Cap-Vert
2%
Aucun quiz correspondant
Distribution des résultats
% des personnes avec chaque résultat
Percentile par nombre de réponses
Votre historique - résultats
Vous n’avez pas pris ce quiz